000 00692nam a2200217 a 4500
003 BD-DhJNU
005 20250205060059.0
008 120530s2009 a g b000 u eng u
020 _a9788177584752
_cRS585.00
040 _aBD-DhJNU
_bENG
_cBD-DhJNU
_dBD-DhJNU
082 1 4 _a004.6 HAC
_223
100 1 _aHalsall, Fred
245 1 0 _aComputer networking and the internet /
_cFred Halsall and Lingana Gouda Kulkarni
250 _a5th ed.
260 _aDelhi :
_bPearson Education Asia,
_c2009.
300 _axxv, 678 p. :
_bills. ;
_c22 cm .
504 _aincludes index and bibliographical references
650 0 _aComputer networking
700 1 _aKulkarni, Lingana Gouda
942 _cBK
999 _c1246
_d1246